• 首页
  • 本馆介绍
  • 公告通知
  • 最新文献
  • 馆藏检索
  • 电子资源
  • 读者导购
  • 参考咨询
  • 我的图书馆
  • 登录
  • 详细信息显示
  • 放入我的书架
  • 预约/预借图书
  • 作者相关作品
  • 分类相关作品
  • 丛书相关作品
  • 出版社相关作品

书目信息

  • 表格格式
  • 工作单格式
  • 卡片格式
题名:
领导大全
    
 
作者: 张弘 , 欧阳云 著
分册:  
出版信息: 呼和浩特   远方出版社  2004
页数: 296页
开本: 21cm
丛书名: 实用智慧文库
单 册:
中图分类: C933.2
科图分类:
主题词: 领导学
电子资源:
ISBN: 7-80595-933-1
000 00806oam2 2200253 45
001 020000019624
005 20051017162359.79
010    @a7-80595-933-1@dCNY25.00
100    @a20040923d2004 ekmy0chiy0120 ea
101 0  @achi
102    @aCN@b150000
105    @ay z 000yy
200 1  @a领导大全@9ling dao da quan@f张弘,欧阳云著@Fzhang hong,ou yang yun zhu
210    @a呼和浩特@c远方出版社@d2004
215    @a296页@d21cm
225 2  @a实用智慧文库
330    @a本书内容包括七章,分别为领导者的素质与修养,领导决策学,领导用权学,领导用人学,领导谋略学,领导时间管理学,领导思维学。
461  0 @12001 @a实用智慧文库
606 0  @a领导学
690    @aC933.2@v4
701  0 @a张弘@Azhang hong@4著
701  0 @a欧阳云@Aou yang yun@4著
801  0 @aCN@bTSSF@c20051017
905    @a10447@dC933.2@e188
    
    领导大全/张弘,欧阳云著.-呼和浩特:远方出版社,2004
    296页;21cm.-(实用智慧文库)
    
    
    ISBN 7-80595-933-1:CNY25.00
    本书内容包括七章,分别为领导者的素质与修养,领导决策学,领导用权学,领导用人学,领导谋略学,领导时间管理学,领导思维学。
●
相关链接 在E读中查询图书 在五车中查询图书 在当当中查询图书 在豆瓣中查询图书


正题名:领导大全     索取号:C933.2/188         预约/预借

序号 登录号 条形码 馆藏地/架位号 状态 备注
1 0366411   3664118   第一样本阅览室/ [索取号:C933.2/188] 在馆    
2 0366412   3664127   第一借阅区/ [索取号:C933.2/188] 在馆    
3 0366413   3664136   第一借阅区/ [索取号:C933.2/188] 在馆    
4 0366414   3664145   第一借阅区/ [索取号:C933.2/188] 在馆    
5 0366415   3664154   第一借阅区/ [索取号:C933.2/188] 在馆    
唐山师范学院图书馆 欢迎您!
大连网信软件有限公司© 版权所有